000 00493nam a2200193Ia 4500
008 240510s9999 xx 000 0 und d
020 _a0000932577563
041 _aEng
082 _a004.678
082 _bW21
100 _aStaff of CLASSROOM CONNECT
245 0 _aWEB GUIDE - Language Arts : Instant Guide to the best internet web sites
260 _bUSA : WEB CONNECT
260 _c1997
300 _a37 p.
650 _aINTERNET : WORLD WIDE WEB
942 _2ddc
942 _cLBK
999 _c27033
_d27033
945 _a1
_bMadushi Gamage
_c1
_dMadushi Gamage